000 00464nam a2200169Ia 4500
008 260520s2024 xx 000 0 und d
020 _a9788119812806
041 _amar
082 _a158.1/ASH
100 _aअॅश्टन, अॅडम
245 _aअॅटिट्युड
250 _a1st ed
260 _aपुणे
_bमधुश्री प्रकाशन,
_c2024
300 _a144p.
500 _aCat No: 15242
650 _aPSYCHOLOGY
999 _c1222242
_d1222242